000
00202 a2200097 4500
001
5503
100
_a
Lightstone,AH
245
_a
Concepts of calculas II
260
_a
_b
Harper
_c
090
_c
4516
_d
4516
942
_a
NUST-CAE
_c
M
_c
30841
999
_c
240576
_d
240576